The fall of the house of usher and other tales

Tallennettuna:
Bibliografiset tiedot
Päätekijä: Poe, Edgar Allan
Aineistotyyppi: Kirja
Kieli:Undetermined
Julkaistu: New York, Estados Unidos Signet 1962
Aiheet:
Tagit: Lisää tagi
Ei tageja, Lisää ensimmäinen tagi!

MARC

LEADER 00000nam a2200000Ia 4500
008 170316s9999 xx 000 0 und d
090 |a 810 P-15f 
100 |a Poe, Edgar Allan 
245 4 |a The fall of the house of usher and other tales 
260 |a New York, Estados Unidos 
260 |b Signet 
260 |c 1962 
300 |a 383 páginas 
650 |a LITERATURA ESTADOUNIDENSE 
999 |c 21433  |d 21433 
040 |a cru BVZT 
942 |c 15 D  |h 810 P-15f  |2 z